|
|
|
|
| LEADER |
00000cam a22000004a 4500 |
| 001 |
musev2_52260 |
| 003 |
MdBmJHUP |
| 005 |
20230905045556.0 |
| 006 |
m o d |
| 007 |
cr||||||||nn|n |
| 008 |
161020s2017 miu o 00 0 eng d |
| 010 |
|
|
|z 2016035933
|
| 020 |
|
|
|a 9780472122585
|
| 020 |
|
|
|z 9780472130252
|
| 035 |
|
|
|a (OCoLC)988855067
|
| 040 |
|
|
|a MdBmJHUP
|c MdBmJHUP
|
| 100 |
1 |
|
|a Wilson, Walter Clark,
|e author.
|
| 245 |
1 |
0 |
|a From Inclusion to Influence :
|b Latino Representation in Congress and Latino Political Incorporation in America /
|c Walter Clark Wilson.
|
| 264 |
|
1 |
|a Ann Arbor :
|b University of Michigan Press,
|c [2017]
|
| 264 |
|
3 |
|a Baltimore, Md. :
|b Project MUSE,
|c 2017
|
| 264 |
|
4 |
|c ©[2017]
|
| 300 |
|
|
|a 1 online resource (294 pages).
|
| 336 |
|
|
|a text
|b txt
|2 rdacontent
|
| 337 |
|
|
|a computer
|b c
|2 rdamedia
|
| 338 |
|
|
|a online resource
|b cr
|2 rdacarrier
|
| 505 |
0 |
|
|a Contents -- List of Tables -- List of Figures -- Introduction: How Do Latino Representatives Matter? -- Part 1. Latino Representatives in the American Political System -- Chapter 1. Latino Political Incorporation and Latino Representation -- Chapter 2. Latino Descriptive Representation in the U.S. Congress -- Part 2. From Inclusion to Influence: Assessing the Impact of Latino Representatives throughout the Representative Process -- Chapter 3. The Latino Connection: Including Latinos in the Political Process
|
| 505 |
0 |
|
|a Chapter 4. Latino Representation and the Congressional Policy AgendaChapter 5. Speaking for Latinos: A Voice for Latinos in Political Debate -- Chapter 6. Advocates and Defenders: Latino Representation and Congressional Policy Decisions -- Chapter 7. Essential Representatives: Latinos in Congress and the Future of Latino Political Incorporation -- Notes -- References
|
| 588 |
|
|
|a Description based on print version record.
|
| 610 |
1 |
7 |
|a United States.
|b Congress.
|2 fast
|0 (OCoLC)fst00529490
|
| 610 |
1 |
0 |
|a United States.
|b Congress.
|
| 650 |
|
7 |
|a Hispanic Americans
|x Politics and government.
|2 fast
|0 (OCoLC)fst00957586
|
| 650 |
|
7 |
|a Hispanic American legislators.
|2 fast
|0 (OCoLC)fst00957406
|
| 650 |
|
7 |
|a POLITICAL SCIENCE
|x American Government
|x General.
|2 bisacsh
|
| 650 |
|
6 |
|a Parlementaires americains d'origine latino-americaine.
|
| 650 |
|
0 |
|a Hispanic American legislators.
|
| 650 |
|
0 |
|a Hispanic Americans
|x Politics and government.
|
| 655 |
|
7 |
|a Electronic books.
|2 local
|
| 710 |
2 |
|
|a Project Muse.
|e distributor
|
| 830 |
|
0 |
|a Book collections on Project MUSE.
|
| 856 |
4 |
0 |
|z Texto completo
|u https://projectmuse.uam.elogim.com/book/52260/
|
| 945 |
|
|
|a Project MUSE - Custom Collection
|
| 945 |
|
|
|a Project MUSE - 2017 Complete
|
| 945 |
|
|
|a Project MUSE - 2017 Political Science and Policy Studies
|
| 945 |
|
|
|a Project MUSE - 2017 American Studies
|